Holy Vedas (Record no. 10548)

MARC details
000 -LEADER
fixed length control field 00587nam a2200241 a 4500
020 ## - INTERNATIONAL STANDARD BOOK NUMBER
ISBN 8185120
082 00 - DEWEY DECIMAL CLASSIFICATION NUMBER
Classification number 294.5921
Author Cutter VID
100 ## - MAIN ENTRY--AUTHOR NAME
Author name Vidyalankar, Satyakam
245 ## - TITLE STATEMENT
Title Holy Vedas
Sub title a Golden Treasury.
260 ## - PUBLICATION, DISTRIBUTION, ETC. (IMPRINT)
Place of publication Delhi
Name of publisher Clarion Books
Year of publication 1983
300 ## - PHYSICAL DESCRIPTION
Number of Pages 546p
500 ## - GENERAL NOTE
General note includes index and biblioraphy
505 2# - FORMATTED CONTENTS NOTE
Formatted contents note 7
650 ## - SUBJECT ADDED ENTRY--TOPICAL TERM
Topical Term Vedas
942 ## - ADDED ENTRY ELEMENTS (KOHA)
Koha item type Books
700 1# -
-- Vidyalankar, Satyakam
Holdings
Collection code Home library Current library Date acquired Cost, normal purchase price Full call number Accession Number Koha item type
  Henry Martyn Institute Library Henry Martyn Institute Library 07/25/2007 396.00 294.5921 VID 017073 Books
                   Copyright © 2026 | Henry Martyn Institute | Hyderabad | TS-500052 | INDIA | Implemented by hmi.edu.in
Hit-Count:

Powered by Koha